| 000 | 01052pam a2200277 a 4500 | ||
|---|---|---|---|
| 001 | 4278414 | ||
| 005 | 20030131101019.0 | ||
| 008 | 850814s1986 nyua | b 001 0 eng d | ||
| 010 | _a 85019713 | ||
| 020 | _a0070214638 | ||
| 040 |
_aDLC _cDLC _dDLC |
||
| 050 | 0 | 0 |
_aTA418.74 _b.F6 1986 |
| 082 | 0 | 0 |
_a620.11223 _222 _bFON |
| 100 | 1 |
_aFontana, Mars Guy, _d1910- _99407 |
|
| 245 | 1 | 0 |
_aCorrosion Engineering / _cMars G. Fontana. |
| 250 | _a3rd ed. | ||
| 260 |
_aNew York : _bMcGraw-Hill, _cc1986. |
||
| 300 |
_axix, 556 p. : _bill. ; _c22 cm. |
||
| 440 | 0 | _99408 | |
| 490 | _aMcGraw-Hill series in materials science and engineering | ||
| 504 | _aIncludes bibliographies and index. | ||
| 650 | 0 |
_aCorrosion and anti-corrosives. _99409 |
|
| 856 | 4 | 1 |
_3Table of contents _uhttp://www.loc.gov/catdir/toc/mh023/85019713.html |
| 942 |
_2ddc _cBB |
||
| 999 |
_c12925 _d12925 |
||